000 00978nmm a2200325 a 4500
003 AR-BaBNM
005 20251128210909.0
008 271020s2000 ||||||||||||||000 | spa||
020 _a84-277-1306-1
040 _cAR-BaBNM
100 1 _aMuzás Rubio, María Dolores
245 1 0 _aAdaptación del currículo al contexto y al aula
_brespuesta educativa en las cuevas de Guadix
260 _aMadrid
_bNarcea
_c2000
300 0 _a204 p.
_btablas
500 0 _aContiene referencias bibliográficas
650 4 _aCURRICULO INTEGRADO
650 4 _aPLANIFICACION
650 4 _aCURRICULO TRANSDISCIPLINARIO
650 4 _aEVALUACION DEL CURSO
653 0 _aEDUCACION EN LA DIVERSIDAD
653 0 _aPROYECTOS CURRICULARES
653 0 _aUNIDADES DIDACTICAS
653 0 _aPROYECTOS DE AULA
653 0 _aEXPERIENCIAS EDUCATIVAS
653 0 _aAREAS CURRICULARES
700 1 _aBlanchard, Mercedes
700 1 _aSandín, Mª Teresa
942 _cBK
998 _cRAQUEL
999 _c17354
_d17354